Introduction to computer architecture / (Record no. 176071)
[ view plain ]
| 000 -LEADER | |
|---|---|
| fixed length control field | 00770 a2200229 4500 |
| 003 - CONTROL NUMBER IDENTIFIER | |
| control field | NUST |
| 005 - DATE AND TIME OF LATEST TRANSACTION | |
| control field | 20230526144552.0 |
| 010 ## - LIBRARY OF CONGRESS CONTROL NUMBER | |
| LC control number | 79027493 |
| 020 ## - INTERNATIONAL STANDARD BOOK NUMBER | |
| International Standard Book Number | 0574212256 : |
| 040 ## - CATALOGING SOURCE | |
| Transcribing agency | Nust |
| 082 00 - DEWEY DECIMAL CLASSIFICATION NUMBER | |
| Classification number | 004.22,INT |
| 245 00 - TITLE STATEMENT | |
| Title | Introduction to computer architecture / |
| Statement of responsibility, etc. | Harold S. Stone, editor ; Tien Chi Chen ... [et al.]. |
| 250 ## - EDITION STATEMENT | |
| Edition statement | 2d ed. |
| 260 ## - PUBLICATION, DISTRIBUTION, ETC. | |
| Place of publication, distribution, etc. | Chicago : |
| Name of publisher, distributor, etc. | Science Research Associates, |
| Date of publication, distribution, etc. | c1980. |
| 300 ## - PHYSICAL DESCRIPTION | |
| Extent | 673 p. ; |
| Other physical details | ill. ; |
| Dimensions | 24 cm. |
| 440 #4 - SERIES STATEMENT/ADDED ENTRY--TITLE | |
| Title | The SRA computer science series |
| 9 (RLIN) | 25749 |
| 505 ## - FORMATTED CONTENTS NOTE | |
| Formatted contents note | Part I: Basic Computer Architecture (Page-3), Part II:Advanced Topics (Page-319 ). |
| 650 #0 - SUBJECT ADDED ENTRY--TOPICAL TERM | |
| Topical term or geographic name entry element | Computer architecture. |
| 700 1# - ADDED ENTRY--PERSONAL NAME | |
| Personal name | Chen, Tien Chi, |
| Dates associated with a name | 1928- |
| 9 (RLIN) | 25750 |
| 700 1# - ADDED ENTRY--PERSONAL NAME | |
| Personal name | Stone, Harold S., |
| Dates associated with a name | 1938- |
| 9 (RLIN) | 25751 |
| 942 ## - ADDED ENTRY ELEMENTS (KOHA) | |
| Source of classification or shelving scheme | |
| Koha item type | Book |
| Call number prefix | 004.22,INT |
| Withdrawn status | Lost status | Source of classification or shelving scheme | Damaged status | Not for loan | Permanent Location | Current Location | Shelving location | Date acquired | Full call number | Barcode | Date last seen | Price effective from | Koha item type | Public note |
|---|---|---|---|---|---|---|---|---|---|---|---|---|---|---|
| Military College of Signals (MCS) | Military College of Signals (MCS) | General Stacks | 12/12/2016 | 004.22,INT | MCS293 | 12/08/2016 | 12/12/2016 | Book | Almirah No.79, Shelf No.4 |
